[Event "21st Abu Dhabi Masters 2014"]
[Site "Abu Dhabi UAE"]
[Date "2014.08.25"]
[Round "6.37"]
[White "Khouri, Ibrahim Mohamed"]
[Black "Ayyad, Maher"]
[Result "1/2-1/2"]
[WhiteTitle "FM"]
[BlackTitle "FM"]
[WhiteElo "2225"]
[BlackElo "2147"]
[WhiteFideId "9301526"]
[BlackFideId "11200235"]
[EventDate "2014.08.20"]

1. e4 c5 2. Nf3 e6 3. d4 cxd4 4. Nxd4 Nf6 5. Nc3 Nc6 6. Ndb5 Bb4 7. a3 Bxc3+ 8.
Nxc3 d5 9. exd5 exd5 10. Bd3 O-O 11. O-O d4 12. Ne2 Bg4 13. f3 Bh5 14. Nf4 Qd6
15. Nxh5 Nxh5 16. f4 Nf6 17. Qf3 Rfe8 18. Bd2 Qd5 19. Qxd5 Nxd5 20. Rae1 Nf6 21.
h3 h5 22. Kf2 Kf8 23. b4 a6 24. Kf3 Nd5 25. g4 hxg4+ 26. hxg4 Rxe1 27. Rxe1 Rd8
28. Rh1 Kg8 29. Re1 Kf8 30. b5 axb5 31. Bxb5 Nce7 32. f5 Rc8 33. Bd3 Ra8 34. Rb1
Rxa3 35. Rxb7 Nc6 36. g5 Ra8 37. Ke4 Rd8 38. Bc4 Nce7 39. Ba5 Ra8 40. Bxd5 Nxd5
41. Bd2 Rd8 1/2-1/2

[Event "21st Abu Dhabi Masters 2014"]
[Site "Abu Dhabi UAE"]
[Date "2014.08.25"]
[Round "6.38"]
[White "Gameel, Mohamed"]
[Black "Villadelgado, Joemarie"]
[Result "0-1"]
[WhiteTitle "IM"]
[WhiteElo "2218"]
[BlackElo "2002"]
[WhiteFideId "9401440"]
[BlackFideId "5214009"]
[EventDate "2014.08.20"]

1. e4 e5 2. Nf3 Nc6 3. Bb5 a6 4. Ba4 b5 5. Bb3 Nf6 6. Qe2 Be7 7. O-O O-O 8. c3
d6 9. h3 Bb7 10. Rd1 Na5 11. Bc2 c5 12. d4 Qc7 13. dxe5 dxe5 14. Bg5 Rad8 15.
Nbd2 c4 16. a3 Bc6 17. Nf1 Nb7 18. Ne3 g6 19. Bh6 Rfe8 20. Ng4 Nxg4 21. hxg4 Nc5
22. g3 Bf6 23. Kg2 Qb7 24. Nd2 Nd3 25. b4 Rd7 26. f3 Red8 27. Be3 Bh8 28. Rdb1
f5 29. gxf5 gxf5 30. exf5 e4 31. fxe4 Bxe4+ 32. Nxe4 Qxe4+ 33. Qf3 Re8 34. Qxe4
Rxe4 35. Kf3 Rde7 36. Bg5 Ne1+ 37. Kf2 Nxc2 38. Ra2 Re2+ 39. Kf1 Rh2 40. Rxc2
Rxc2 41. Bxe7 Bxc3 42. Rd1 Bd2 43. Bc5 Ra2 44. Ke2 Bxb4+ 0-1

[Event "21st Abu Dhabi Masters 2014"]
[Site "Abu Dhabi UAE"]
[Date "2014.08.25"]
[Round "6.39"]
[White "Gadimbayli, Abdulla"]
[Black "Iniyan, P"]
[Result "1-0"]
[WhiteTitle "FM"]
[WhiteElo "2162"]
[BlackElo "2048"]
[WhiteFideId "13404938"]
[BlackFideId "25002767"]
[EventDate "2014.08.20"]

1. e4 c5 2. Nf3 d6 3. d4 cxd4 4. Nxd4 Nf6 5. Nc3 a6 6. Be3 e6 7. g4 b5 8. g5
Nfd7 9. a3 Bb7 10. h4 Nb6 11. h5 Nc4 12. Bxc4 bxc4 13. Qe2 Be7 14. f4 Nd7 15.
O-O-O Nf8 16. g6 hxg6 17. hxg6 Nxg6 18. f5 Rxh1 19. Rxh1 Nf8 20. fxe6 fxe6 21.
Rh8 Qd7 22. Qh5+ Kd8 23. Qa5+ Ke8 24. Qh5+ Kd8 25. Qf7 Kc7 26. Rxf8 Bxf8 27.
Nxe6+ Kc6 28. Qf5 Qc8 29. Nd5 a5 30. Nb6 1-0

[Event "21st Abu Dhabi Masters 2014"]
[Site "Abu Dhabi UAE"]
[Date "2014.08.25"]
[Round "6.40"]
[White "Al-Halila, Ayman"]
[Black "Mohammed, Tarig Elther"]
[Result "1-0"]
[WhiteTitle "IM"]
[WhiteElo "2161"]
[BlackElo "2052"]
[WhiteFideId "9400168"]
[BlackFideId "12200964"]
[EventDate "2014.08.20"]

1. Nf3 Nf6 2. c4 c5 3. e3 g6 4. b3 Bg7 5. Bb2 d6 6. Be2 Nc6 7. O-O O-O 8. d3 Bf5
9. Nh4 Qc8 10. f4 Bg4 11. Nc3 Qe6 12. Qd2 Bxe2 13. Qxe2 Ng4 14. Rae1 Qd7 15. f5
Nxe3 16. f6 Bh6 17. fxe7 Qxe7 18. Qf2 Qd8 19. Nd5 Nxd5 20. cxd5 Ne5 21. Qg3 Bg7
22. Re2 Bf6 23. Nf5 Re8 24. Ref2 Bg5 25. h4 Rf8 26. Nxd6 Qxd6 27. Bxe5 1-0

[Event "21st Abu Dhabi Masters 2014"]
[Site "Abu Dhabi UAE"]
[Date "2014.08.25"]
[Round "6.41"]
[White "Zayed, Ali Al-hamed"]
[Black "Mayed, Al-Rashedi"]
[Result "1-0"]
[BlackTitle "FM"]
[WhiteElo "1983"]
[BlackElo "1859"]
[WhiteFideId "9303340"]
[BlackFideId "9303871"]
[EventDate "2014.08.20"]

1. e4 e5 2. Nf3 Nc6 3. Bb5 a6 4. Ba4 Nge7 5. d4 exd4 6. Nxd4 g6 7. Bg5 Bg7 8. c3
O-O 9. O-O h6 10. Bh4 Nxd4 11. cxd4 c5 12. dxc5 g5 13. Bg3 Bxb2 14. Nd2 Bxa1 15.
Qxa1 Ng6 16. Bd6 Re8 17. Bb3 Re6 18. Bxe6 dxe6 19. Nc4 Bd7 20. Nb6 Ra7 21. Rd1
Bc6 22. Be5 Qf8 23. Bc7 Qxc5 24. Qf6 Be8 25. Qd8 Qc6 26. Bb8 Qxe4 27. Qxe8+ Kg7
28. Qa4 Qxa4 29. Nxa4 Ra8 30. Rd8 a5 31. Be5+ 1-0

[Event "21st Abu Dhabi Masters 2014"]
[Site "Abu Dhabi UAE"]
[Date "2014.08.26"]
[Round "7.1"]
[White "Karthikeyan, Murali"]
[Black "Volkov, Sergey"]
[Result "1-0"]
[WhiteTitle "IM"]
[BlackTitle "GM"]
[WhiteElo "2462"]
[BlackElo "2583"]
[WhiteFideId "5074452"]
[BlackFideId "4122763"]
[EventDate "2014.08.20"]

1. e4 e6 2. d4 d5 3. Nd2 Nf6 4. e5 Nfd7 5. Bd3 c5 6. c3 Nc6 7. Ne2 cxd4 8. cxd4
f6 9. Nf4 Nxd4 10. Qh5+ Ke7 11. exf6+ Nxf6 12. Ng6+ hxg6 13. Qxh8 Kf7 14. O-O e5
15. Nb3 Nf5 16. Bg5 a5 17. Rad1 a4 18. Nd2 Be6 19. Nc4 Qc7 20. Bxf6 Kxf6 21. Nd2
Nh6 22. Qh7 Bf5 23. Bxf5 gxf5 24. Kh1 e4 25. Nb1 Rd8 26. Nc3 Qc4 27. h4 Kf7 28.
h5 d4 29. Nxe4 fxe4 30. Qxe4 Qd5 31. Rfe1 Qxh5+ 32. Kg1 Bd6 33. Rxd4 Nf5 34.
Rxd6 Nxd6 35. Qe6+ Kf8 36. Qe7+ 1-0

[Event "21st Abu Dhabi Masters 2014"]
[Site "Abu Dhabi UAE"]
[Date "2014.08.26"]
[Round "7.2"]
[White "Kryvoruchko, Yuriy"]
[Black "Horvath, Adam1"]
[Result "1/2-1/2"]
[WhiteTitle "GM"]
[BlackTitle "GM"]
[WhiteElo "2708"]
[BlackElo "2536"]
[WhiteFideId "14109182"]
[BlackFideId "708003"]
[EventDate "2014.08.20"]

1. e4 c5 2. Nf3 e6 3. d4 cxd4 4. Nxd4 Nc6 5. Nc3 Qc7 6. Be3 a6 7. Be2 b5 8. Nxc6
Qxc6 9. a3 Bb7 10. O-O Qc7 11. f4 Nf6 12. Bf3 Bc5 13. Bxc5 Qxc5+ 14. Kh1 e5 15.
Nd5 Bxd5 16. exd5 e4 17. Re1 O-O 18. Bxe4 Rae8 19. Bd3 Rxe1+ 20. Qxe1 Re8 21.
Qg1 Qxd5 22. Re1 Rxe1 23. Qxe1 Qd4 24. g3 Qxb2 25. Qa5 g6 26. Qxa6 Ng4 27. Qa8+
Kg7 28. Qf3 Qc1+ 29. Kg2 Qd2+ 30. Qe2 Qxe2+ 31. Bxe2 Ne3+ 32. Kf2 Nxc2 33. Bxb5
Nxa3 34. Bxd7 1/2-1/2

[Event "21st Abu Dhabi Masters 2014"]
[Site "Abu Dhabi UAE"]
[Date "2014.08.26"]
[Round "7.3"]
[White "Barnaure, Vlad-Victor"]
[Black "Efimenko, Zahar"]
[Result "1/2-1/2"]
[WhiteTitle "IM"]
[BlackTitle "GM"]
[WhiteElo "2513"]
[BlackElo "2641"]
[WhiteFideId "1210610"]
[BlackFideId "14107201"]
[EventDate "2014.08.20"]

1. c4 e5 2. g3 Nc6 3. Bg2 f5 4. Nc3 Nf6 5. e3 d5 6. Nxd5 Nxd5 7. cxd5 Nb4 8. d3
Nxd5 9. Nf3 Bd6 10. O-O Nf6 11. b3 O-O 12. Bb2 Re8 13. Nd2 c6 14. Nc4 Bc7 15.
Re1 Bd7 16. Rc1 Qe7 17. Ba3 Qe6 18. e4 fxe4 19. dxe4 Rad8 20. Nd6 Bxd6 21. Qxd6
Qxd6 22. Bxd6 Bh3 23. Bc7 Rd7 24. Bxh3 Rxc7 25. f3 Rd8 26. Red1 Rxd1+ 27. Rxd1
Kf8 28. Kf2 Ke7 29. f4 exf4 1/2-1/2

[Event "21st Abu Dhabi Masters 2014"]
[Site "Abu Dhabi UAE"]
[Date "2014.08.26"]
[Round "7.4"]
[White "Rakhmanov, Aleksandr"]
[Black "Vidit, Santosh Gujrathi"]
[Result "0-1"]
[WhiteTitle "GM"]
[BlackTitle "GM"]
[WhiteElo "2626"]
[BlackElo "2602"]
[WhiteFideId "4173708"]
[BlackFideId "5029465"]
[EventDate "2014.08.20"]

1. d4 Nf6 2. c4 e6 3. Nc3 Bb4 4. e3 O-O 5. Bd3 d5 6. Ne2 dxc4 7. Bxc4 c5 8. a3
Bxc3+ 9. bxc3 Qc7 10. Bd3 e5 11. O-O Nc6 12. h3 Be6 13. Ng3 Rad8 14. Bb2 cxd4
15. cxd4 exd4 16. Ne2 dxe3 17. Bxf6 gxf6 18. Qc2 Kh8 19. fxe3 Qe5 20. Nf4 Qxe3+
21. Kh1 Ne5 22. Rae1 Qg3 23. Bxh7 Nf3 24. gxf3 Qxf4 25. Qe4 Qg3 26. Re2 Qxh3+
27. Kg1 Rd5 28. Rg2 Qxh7 29. Qf4 Rf5 30. Qd4 Rg8 31. Rf2 Rg6 32. Rxg6 Qxg6+ 33.
Kf1 Rh5 34. Rg2 Bh3 0-1

[Event "21st Abu Dhabi Masters 2014"]
[Site "Abu Dhabi UAE"]
[Date "2014.08.26"]
[Round "7.5"]
[White "Gopal, G.N."]
[Black "Gupta, Abhijeet"]
[Result "1-0"]
[WhiteTitle "GM"]
[BlackTitle "GM"]
[WhiteElo "2558"]
[BlackElo "2638"]
[WhiteFideId "5015693"]
[BlackFideId "5010608"]
[EventDate "2014.08.20"]

1. e4 c5 2. Nf3 e6 3. d4 cxd4 4. Nxd4 Nc6 5. Nc3 Qc7 6. Be2 Nf6 7. O-O a6 8. Be3
Be7 9. f4 d6 10. Kh1 Nxd4 11. Qxd4 O-O 12. a4 Bd7 13. e5 Ne8 14. Qb4 Bc6 15. Bb6
dxe5 16. Qa5 Qd7 17. fxe5 Bd8 18. Bxd8 Qxd8 19. Qxd8 Rxd8 20. b4 Rc8 21. Ra3 Nc7
22. b5 axb5 23. axb5 Bd5 24. Bd3 f6 25. exf6 Rxf6 26. Rxf6 gxf6 27. Ra7 b6 28.
Kg1 f5 29. Kf2 f4 30. g3 fxg3+ 31. Kxg3 h6 32. Kf4 Rf8+ 33. Ke5 Rf7 34. h4 Bg2
35. Na4 Na8 36. Rxf7 Kxf7 37. Be2 Bb7 38. c4 Bg2 39. Kd6 1-0

[Event "21st Abu Dhabi Masters 2014"]
[Site "Abu Dhabi UAE"]
[Date "2014.08.26"]
[Round "7.6"]
[White "Wang, Hao"]
[Black "Salem, A.R. Saleh"]
[Result "1-0"]
[WhiteTitle "GM"]
[BlackTitle "GM"]
[WhiteElo "2730"]
[BlackElo "2591"]
[WhiteFideId "8602883"]
[BlackFideId "9301348"]
[EventDate "2014.08.20"]

1. e4 c5 2. Nf3 d6 3. d4 cxd4 4. Nxd4 Nf6 5. Nc3 g6 6. Be3 Bg7 7. f3 O-O 8. Qd2
Nc6 9. g4 e5 10. Nxc6 bxc6 11. g5 Nh5 12. O-O-O Nf4 13. h4 d5 14. exd5 cxd5 15.
Nxd5 Bb7 16. Bc4 Rc8 17. Bb3 Nxd5 18. Bxd5 Bxd5 19. Qxd5 Qc7 20. Qe4 Qa5 21. Kb1
Rb8 22. b3 Qc7 23. Rd5 Rfc8 24. Bc5 Ra8 25. h5 a5 26. hxg6 fxg6 27. Bd6 Qf7 28.
Bxe5 a4 29. Bxg7 axb3 30. axb3 Qxg7 31. Qe6+ Kf8 32. Qe5 1-0

[Event "21st Abu Dhabi Masters 2014"]
[Site "Abu Dhabi UAE"]
[Date "2014.08.26"]
[Round "7.7"]
[White "Areshchenko, Alexander"]
[Black "Lalith, Babu M.R."]
[Result "1-0"]
[WhiteTitle "GM"]
[BlackTitle "GM"]
[WhiteElo "2684"]
[BlackElo "2565"]
[WhiteFideId "14109530"]
[BlackFideId "5024595"]
[EventDate "2014.08.20"]

1. e4 c6 2. d4 d5 3. e5 Bf5 4. Nf3 e6 5. Be2 Nd7 6. O-O Ne7 7. Nbd2 h6 8. Nb3
Qc7 9. Bd2 g5 10. Rc1 Nb6 11. Na5 O-O-O 12. b4 Ng6 13. Ne1 Nf4 14. Bd3 f6 15. g3
Ng6 16. Bxf5 exf5 17. exf6 Qf7 18. Qe2 Nc4 19. Nxc4 dxc4 20. Nf3 Bd6 21. Ne5
Qxf6 22. Nxg6 Qxg6 23. Qxc4 Bc7 24. Rfe1 Rd5 25. Qd3 Rhd8 26. c3 Kb8 27. Re7 h5
28. Rce1 h4 29. R1e6 Qg8 30. Qe2 hxg3 31. hxg3 f4 32. g4 Qh8 33. f3 Qh3 34. Be1
R5d6 35. Rxd6 Bxd6 36. Re8 Rxe8 37. Qxe8+ Kc7 38. Qe4 1-0

[Event "21st Abu Dhabi Masters 2014"]
[Site "Abu Dhabi UAE"]
[Date "2014.08.26"]
[Round "7.8"]
[White "Kuzubov, Yuriy"]
[Black "Abasov, Nijat"]
[Result "1-0"]
[WhiteTitle "GM"]
[BlackTitle "GM"]
[WhiteElo "2667"]
[BlackElo "2527"]
[WhiteFideId "14112906"]
[BlackFideId "13402960"]
[EventDate "2014.08.20"]

1. d4 Nf6 2. c4 e6 3. g3 d5 4. Nf3 dxc4 5. Bg2 c5 6. O-O Nc6 7. dxc5 Qxd1 8.
Rxd1 Bxc5 9. Nbd2 c3 10. bxc3 O-O 11. Ne1 Rd8 12. Nd3 Be7 13. Nb3 Bd7 14. Nbc5
Na5 15. Nxb7 Nxb7 16. Bxb7 Rab8 17. Bf3 Ba4 18. Re1 Rbc8 19. Be3 Rxc3 20. Bxa7
Ba3 21. Bb6 Rb8 22. Bd4 Rc2 23. Reb1 Rd8 24. Bb2 Rxd3 25. Bxf6 Rd7 26. Rb8+ Bf8
27. Bb2 Rdc7 28. Be4 Rc8 29. Rxc8 Rxc8 30. Rc1 Rd8 31. Bd3 f6 32. Rc7 Bd6 33.
Ra7 Bc6 34. Ba3 Be5 35. Bc5 Bd5 36. f4 Rc8 37. fxe5 Rxc5 38. exf6 gxf6 39. Bxh7+
Kf8 40. Bd3 1-0

[Event "21st Abu Dhabi Masters 2014"]
[Site "Abu Dhabi UAE"]
[Date "2014.08.26"]
[Round "7.9"]
[White "Iordachescu, Viorel"]
[Black "Istratescu, Andrei"]
[Result "1-0"]
[WhiteTitle "GM"]
[BlackTitle "GM"]
[WhiteElo "2589"]
[BlackElo "2656"]
[WhiteFideId "13900200"]
[BlackFideId "1200372"]
[EventDate "2014.08.20"]

1. e4 e6 2. d4 d5 3. Nc3 Bb4 4. e5 c5 5. a3 Bxc3+ 6. bxc3 Ne7 7. h4 Qa5 8. Bd2
Nbc6 9. Rb1 b6 10. Bb5 c4 11. Qg4 Rg8 12. Bxc6+ Nxc6 13. h5 h6 14. Ne2 Ne7 15.
Qh4 Bd7 16. g4 Ba4 17. Rb2 Qa6 18. Ng3 Qb7 19. g5 hxg5 20. Bxg5 Qd7 21. Kd2 Nf5
22. Qf4 b5 23. Rbb1 Rc8 24. Nxf5 exf5 25. Rbg1 Rh8 26. h6 g6 27. h7 Qc6 28. Bf6
Kd7 29. Qh6 1-0

[Event "21st Abu Dhabi Masters 2014"]
[Site "Abu Dhabi UAE"]
[Date "2014.08.26"]
[Round "7.10"]
[White "Petrosian, Tigran L."]
[Black "Neverov, Valeriy"]
[Result "1-0"]
[WhiteTitle "GM"]
[BlackTitle "GM"]
[WhiteElo "2641"]
[BlackElo "2498"]
[WhiteFideId "13301616"]
[BlackFideId "14100150"]
[EventDate "2014.08.20"]

1. Nf3 Nf6 2. g3 b6 3. Bg2 Bb7 4. O-O c5 5. d3 e6 6. e4 d6 7. Ng5 h6 8. Nh3 Be7
9. f4 O-O 10. g4 Nc6 11. c3 d5 12. e5 Nh7 13. Qe2 f6 14. exf6 Rxf6 15. Nd2 Qd7
16. Nf3 Nf8 17. Bd2 Bd6 18. Rae1 Re8 19. Nh4 Re7 20. g5 hxg5 21. fxg5 Rxf1+ 22.
Rxf1 Rf7 23. Bf4 Ne7 24. d4 cxd4 25. cxd4 Neg6 26. Bxd6 Rxf1+ 27. Qxf1 Qxd6 28.
Nf3 Qb4 29. Qe2 Qa5 30. a3 Ba6 31. Qe3 Qb5 32. b4 Qe2 33. Qxe2 Bxe2 34. Kf2 Bd1
35. Ke3 Bxf3 36. Bxf3 Nh4 37. Bg4 Kf7 38. Nf4 Ke7 39. Kf2 Nhg6 40. Nxg6+ Nxg6
41. Kg3 Nh8 42. h4 Nf7 43. Kf4 g6 44. Be2 Nd6 45. Bd3 Kf7 46. b5 Nb7 47. Ke5 Na5
48. a4 Nb3 49. Be2 Nc1 50. Bd1 Ke7 51. Bc2 Kf7 52. Bb1 Ne2 53. Bd3 Ng3 54. Kf4
Nh5+ 55. Ke5 Ng3 56. Kd6 Nf5+ 57. Bxf5 gxf5 58. Ke5 Kg6 59. Kf4 Kh5 60. Kg3 Kg6
61. Kf3 Kh5 62. Kf4 Kg6 63. Ke5 Kh5 64. Kf6 f4 65. g6 f3 66. g7 f2 67. g8=Q
f1=Q+ 68. Kxe6 Qh3+ 69. Kd6 Qa3+ 70. Kc7 Kxh4 71. Qxd5 Qxa4 72. Kb7 Kg4 73. Qe4+
Kg5 74. Qe5+ Kh4 75. Qe7+ Kh3 76. Qd7+ Kg3 77. d5 1-0

[Event "21st Abu Dhabi Masters 2014"]
[Site "Abu Dhabi UAE"]
[Date "2014.08.26"]
[Round "7.11"]
[White "Pashikian, Arman"]
[Black "Vaibhav, Suri"]
[Result "0-1"]
[WhiteTitle "GM"]
[BlackTitle "GM"]
[WhiteElo "2631"]
[BlackElo "2521"]
[WhiteFideId "13301578"]
[BlackFideId "5045185"]
[EventDate "2014.08.20"]

1. d4 Nf6 2. Nf3 d5 3. c4 e6 4. Nc3 c6 5. Bg5 dxc4 6. a4 b5 7. axb5 cxb5 8. Nxb5
Qb6 9. Nc3 Qxb2 10. Bd2 Nd5 11. Nxd5 exd5 12. Rb1 Qa2 13. e4 Bd6 14. Be2 O-O 15.
O-O Re8 16. Ra1 Qb2 17. Ra5 dxe4 18. Bxc4 exf3 19. Qxf3 Re7 20. Bc3 Qb6 21. Qxa8
Qc7 22. Ba6 Qxc3 23. Rd5 Re6 24. Bxc8 Qxc8 25. Rb1 Qe8 26. Kf1 Bb4 27. g3 Re1+
28. Rxe1 Qxe1+ 29. Kg2 Qe4+ 30. f3 Qc2+ 31. Kh3 Qc8+ 32. g4 a6 33. Re5 Bd6 34.
Re2 h5 35. Qd5 hxg4+ 36. fxg4 Qd7 37. Rb2 Qe7 38. Rc2 Nd7 39. Rc8+ Nf8 40. Qf3
Qe6 41. Ra8 Qa2 42. Qg2 Qb3+ 43. Kh4 Kh7 44. Qe4+ Ng6+ 45. Kg5 f6+ 46. Kf5 Nh4# 0-1

[Event "21st Abu Dhabi Masters 2014"]
[Site "Abu Dhabi UAE"]
[Date "2014.08.26"]
[Round "7.12"]
[White "Burmakin, Vladimir"]
[Black "Bajarani, Ulvi"]
[Result "1-0"]
[WhiteTitle "GM"]
[BlackTitle "GM"]
[WhiteElo "2593"]
[BlackElo "2483"]
[WhiteFideId "4105109"]
[BlackFideId "13403028"]
[EventDate "2014.08.20"]

1. d4 d5 2. Nf3 Nf6 3. c4 c6 4. e3 Bf5 5. Nbd2 Nbd7 6. Be2 h6 7. O-O e6 8. b3
Be7 9. Bb2 O-O 10. a3 a5 11. c5 b5 12. b4 a4 13. Ne1 Qc7 14. Bd3 Bxd3 15. Nxd3
Nh7 16. f3 f5 17. Qe2 Bg5 18. Rae1 Rae8 19. g3 g6 20. Kg2 h5 21. e4 dxe4 22.
fxe4 Ndf6 23. Ne5 Bxd2 24. Qxd2 Nxe4 25. Qh6 Rf6 26. Rxe4 fxe4 27. d5 Rxf1 28.
Qxg6+ Kf8 29. d6 Qg7 30. Qxg7+ Kxg7 31. Kxf1 1-0

[Event "21st Abu Dhabi Masters 2014"]
[Site "Abu Dhabi UAE"]
[Date "2014.08.26"]
[Round "7.13"]
[White "Parligras, Mircea-Emilian"]
[Black "Sumets, Andrey"]
[Result "1-0"]
[WhiteTitle "GM"]
[BlackTitle "GM"]
[WhiteElo "2574"]
[BlackElo "2622"]
[WhiteFideId "1204297"]
[BlackFideId "14105500"]
[EventDate "2014.08.20"]

1. d4 d5 2. c4 c6 3. Nf3 Nf6 4. e3 a6 5. b3 Bg4 6. Nbd2 e6 7. Bd3 c5 8. dxc5
Bxc5 9. Bb2 O-O 10. Rc1 dxc4 11. Bxc4 Nbd7 12. O-O Qe7 13. h3 Bh5 14. Qc2 Bg6
15. Bd3 Bxd3 16. Qxd3 Rfd8 17. Qc2 Ba3 18. Bxa3 Qxa3 19. Nc4 Qc5 20. Rfd1 Nf8
21. Rxd8 Rxd8 22. Ncd2 Qxc2 23. Rxc2 Ne8 24. Kf1 f6 25. Ke2 Kf7 26. Nc4 e5 27.
Nfd2 Ne6 28. Ne4 Ke7 29. Na5 Rb8 30. b4 Nd6 31. Nc3 Nc7 32. Na4 Nd5 33. Rd2 Nc7
34. Nc5 Ne6 35. Na4 Nd8 36. Nb6 Nc6 37. Rc2 Nxb4 38. Rc7+ Ke6 39. Rxg7 Nd5 40.
Nxd5 Kxd5 41. Rxh7 b6 42. Nb3 Rc8 43. Kd3 Ne4 44. f3 Rc3+ 45. Ke2 Nc5 46. Nxc5
bxc5 47. Rd7+ Ke6 48. Rd2 f5 49. g4 c4 50. Rb2 fxg4 51. hxg4 Ra3 52. Rc2 Kd5 53.
g5 Ra4 54. f4 exf4 55. exf4 Ke6 56. Ke3 Kf5 57. Rg2 c3 58. g6 c2 59. Kd2 Rxa2
60. Rg5+ Kxf4 61. g7 Ra1 62. Kxc2 Kxg5 63. g8=Q+ 1-0

[Event "21st Abu Dhabi Masters 2014"]
[Site "Abu Dhabi UAE"]
[Date "2014.08.26"]
[Round "7.14"]
[White "Amin, Bassem"]
[Black "Gagare, Shardul"]
[Result "1-0"]
[WhiteTitle "GM"]
[BlackTitle "IM"]
[WhiteElo "2627"]
[BlackElo "2421"]
[WhiteFideId "10601457"]
[BlackFideId "5037883"]
[EventDate "2014.08.20"]

1. Nf3 Nf6 2. g3 g6 3. Bg2 Bg7 4. O-O O-O 5. d3 d5 6. Nbd2 Nc6 7. c3 a5 8. a4 b6
9. Re1 Ba6 10. d4 Qd7 11. Qc2 Rad8 12. e4 dxe4 13. Nxe4 Nd5 14. h4 h6 15. h5 f5
16. Nh4 gxh5 17. Bh3 e6 18. Nd2 Qf7 19. Ndf3 Rde8 20. b3 Kh8 21. Bb2 Nf6 22. c4
Ng4 23. Re2 Bb7 24. Rae1 Nb4 25. Qd2 Be4 26. Rxe4 fxe4 27. Rxe4 e5 28. Bxg4 hxg4
29. Nxe5 Rxe5 30. dxe5 Qe6 31. Rf4 Rxf4 32. gxf4 Qe8 33. f5 Qh5 34. Qd8+ Kh7 35.
Qd7 Qxh4 36. e6 Qg5 37. Bxg7 Qxg7 38. e7 1-0

[Event "21st Abu Dhabi Masters 2014"]
[Site "Abu Dhabi UAE"]
[Date "2014.08.26"]
[Round "7.15"]
[White "Ramnath Bhuvanesh, R"]
[Black "Ganguly, Surya Shekhar"]
[Result "0-1"]
[WhiteTitle "IM"]
[BlackTitle "GM"]
[WhiteElo "2420"]
[BlackElo "2614"]
[WhiteFideId "5026598"]
[BlackFideId "5002150"]
[EventDate "2014.08.20"]

1. e4 c5 2. Nc3 a6 3. Nf3 d6 4. d4 cxd4 5. Nxd4 Nf6 6. Bc4 e6 7. Bb3 Nbd7 8. Bg5
Nc5 9. f4 Be7 10. Qf3 Qc7 11. O-O-O O-O 12. Rhe1 b5 13. Bd5 Nxd5 14. exd5 Bxg5
15. fxg5 Bb7 16. Qh3 b4 17. Ne4 Bxd5 18. g6 h5 19. gxf7+ Rxf7 20. Nxc5 Qxc5 21.
Nxe6 Qf2 22. Qe3 Rc8 23. Re2 Qxe3+ 24. Rxe3 Bxg2 25. Rxd6 Rf2 26. Rd2 Rf1+ 27.
Rd1 Rf2 28. Rd2 Rf1+ 29. Rd1 Rxd1+ 30. Kxd1 g6 31. Kd2 Kf7 32. Nd4 Rd8 33. Kd3
Bf1+ 34. Ke4 Bg2+ 35. Kd3 Bf1+ 36. Ke4 Bc4 37. b3 Bd5+ 38. Kd3 Kf6 39. c3 bxc3
40. Kxc3 g5 41. a4 a5 0-1

[Event "21st Abu Dhabi Masters 2014"]
[Site "Abu Dhabi UAE"]
[Date "2014.08.26"]
[Round "7.16"]
[White "Rajesh, V A V"]
[Black "Ankit, R. Rajpara"]
[Result "1/2-1/2"]
[WhiteTitle "IM"]
[BlackTitle "GM"]
[WhiteElo "2404"]
[BlackElo "2509"]
[WhiteFideId "5029317"]
[BlackFideId "5023335"]
[EventDate "2014.08.20"]

1. d4 d5 2. c4 e6 3. Nf3 Nf6 4. Nc3 c6 5. e3 Nbd7 6. Bd3 dxc4 7. Bxc4 b5 8. Bd3
Bd6 9. O-O O-O 10. Qc2 Bb7 11. e4 e5 12. h3 a6 13. dxe5 Nxe5 14. Nxe5 Bxe5 15.
Be3 Qe7 16. f4 Bxc3 17. bxc3 c5 18. e5 Nd5 19. Bd2 g6 20. Rae1 Rae8 21. c4 Nb4
22. Bxb4 cxb4 23. cxb5 axb5 24. Bxb5 Rc8 25. Qf2 Bxg2 26. Qxg2 Qc5+ 27. Kh1 Qxb5
28. f5 Qc6 29. Re4 Ra8 30. Rxb4 Qxg2+ 31. Kxg2 Rxa2+ 32. Rf2 Rxf2+ 33. Kxf2 gxf5
34. Rf4 f6 35. exf6 Rxf6 36. Kf3 Kf7 37. Rb4 1/2-1/2

[Event "21st Abu Dhabi Masters 2014"]
[Site "Abu Dhabi UAE"]
[Date "2014.08.26"]
[Round "7.17"]
[White "Grover, Sahaj"]
[Black "Karavade, Eesha"]
[Result "1-0"]
[WhiteTitle "GM"]
[BlackTitle "IM"]
[WhiteElo "2492"]
[BlackElo "2392"]
[WhiteFideId "5021103"]
[BlackFideId "5012600"]
[EventDate "2014.08.20"]

1. d4 Nf6 2. c4 e6 3. Nc3 Bb4 4. e3 O-O 5. Ne2 d5 6. a3 Be7 7. cxd5 exd5 8. Nf4
c6 9. Bd3 a5 10. O-O Na6 11. f3 Nc7 12. Bd2 Ne6 13. Nxe6 Bxe6 14. Be1 Re8 15.
Rc1 Rc8 16. Na4 Nd7 17. Nc3 c5 18. Bb1 cxd4 19. exd4 Qb6 20. Rc2 Bf6 21. Bf2 Qd6
22. Re2 Nb6 23. Bg3 Qd7 24. Be5 Be7 25. Qd3 g6 26. Qb5 Qxb5 27. Nxb5 Nc4 28. Bg3
Red8 29. Nc7 Bd6 30. Nxe6 fxe6 31. Rxe6 Bxg3 32. hxg3 Nxb2 33. Rb6 Nc4 34. Rxb7
Nxa3 35. Ba2 Nc2 36. Ra7 Nxd4 37. Re1 Nc6 38. Rb7 Nb4 39. Bb3 Rc3 40. Ba4 Nd3
41. Ree7 Rc1+ 42. Kh2 Nf2 43. Rg7+ Kh8 44. Rxh7+ Kg8 45. Rhg7+ Kh8 46. g4 Rh1+
47. Kg3 Nd3 48. Bc2 Nc5 49. Ra7 d4 50. Rgc7 Ne6 51. Re7 Nf8 52. Rxa5 Rc1 53. Be4
Rc3 54. Ree5 Rc7 55. Rad5 Rcd7 56. Rxd7 Rxd7 57. Rd5 Rxd5 58. Bxd5 g5 59. Kf2
Kg7 60. Be4 Kf6 61. Bf5 Ke5 62. Ke2 Kd5 1-0

[Event "21st Abu Dhabi Masters 2014"]
[Site "Abu Dhabi UAE"]
[Date "2014.08.26"]
[Round "7.18"]
[White "Ghosh, Diptayan"]
[Black "Dimakiling, Oliver"]
[Result "1-0"]
[WhiteTitle "IM"]
[BlackTitle "IM"]
[WhiteElo "2473"]
[BlackElo "2371"]
[WhiteFideId "5045207"]
[BlackFideId "5202248"]
[EventDate "2014.08.20"]

1. c4 c6 2. Nf3 d5 3. e3 Nf6 4. Nc3 dxc4 5. Bxc4 b5 6. Bb3 e6 7. d4 b4 8. Ne2
Nbd7 9. O-O Bd6 10. Qc2 c5 11. e4 cxd4 12. Nexd4 O-O 13. Rd1 Qb6 14. Bg5 Bc5 15.
Rac1 Bxd4 16. Rxd4 a5 17. Bxf6 gxf6 18. Qd2 Ra7 19. e5 Rc7 20. Rxc7 Qxc7 21. Qh6
f5 22. Ng5 1-0